000 00861nmm a2200265 a 4500
001 ocm000712046
003 TR-IsHL
005 20201028141046.0
008 131219s2011 tu tur
007 cr cn
020 _a9786054259588
035 _a712046
_b(N$T)
050 0 4 _aHA29.5
_b.S56 2011
090 0 4 _aHA29.5
_b.S56 2011
100 1 _aSınıksaran, Enis
245 1 0 _aTeori ve uygulamalarıyla istatistiksel yöntemler
_h[electronic resource] /
_cEnis Sınıksaran
260 _aİstanbul :
_bTürkmen Kitabevi,
_c2011
300 _a640 p.
650 4 _aEkonomi ve Finans
650 4 _aEconomics and Finance
650 0 _aİstatistik
650 0 _aStatistics
650 7 _aMATHEMATICS / Probability & Statistics / General
_2bisacsh
856 4 0 _uhttp://search.ebscohost.com/login.aspx?direct=true&scope=site&db=e011xww&AN=712046
999 _c7614
_d7614